Thực hành động vật có xương sống

Hướng dẫn thực hành nghiên cứu động vật có xương sống: hải tiêu, lưỡng tiêm, cá miệng tròn, cá sụn, cá xương, ếch đồng, loài lưỡng cư, bò sát, rắn nước, chim và thú

সংরক্ষণ করুন:
গ্রন্থ-পঞ্জীর বিবরন
প্রধান লেখক: Trần, Hồng Việt
বিন্যাস: গ্রন্থ
ভাষা:Undetermined
প্রকাশিত: Hà Nội Đại học Sư phạm 2017
বিষয়গুলি:
ট্যাগগুলো: ট্যাগ যুক্ত করুন
কোনো ট্যাগ নেই, প্রথমজন হিসাবে ট্যাগ করুন!
Thư viện lưu trữ: Trung tâm Học liệu Trường Đại học Cần Thơ
LEADER 00911nam a2200193Ia 4500
001 CTU_224209
008 210402s9999 xx 000 0 und d
020 |c 68000 
082 |a 596 
082 |b V308 
100 |a Trần, Hồng Việt 
245 0 |a Thực hành động vật có xương sống 
245 0 |c Trần Hồng Việt, Nguyễn Hữu Dực, Lê Nguyên Ngật 
260 |a Hà Nội 
260 |b Đại học Sư phạm 
260 |c 2017 
520 |a Hướng dẫn thực hành nghiên cứu động vật có xương sống: hải tiêu, lưỡng tiêm, cá miệng tròn, cá sụn, cá xương, ếch đồng, loài lưỡng cư, bò sát, rắn nước, chim và thú 
650 |a Vertebrates,Động vật có xương sống 
980 |a Trung tâm Học liệu Trường Đại học Cần Thơ